| 000 | 00484nam a22001457a 4500 | ||
|---|---|---|---|
| 005 | 20260422120505.0 | ||
| 008 | 260422b |||||||| |||| 00| 0 eng d | ||
| 020 | _a9781920095512 | ||
| 050 |
_aJQ1879 _b.A15 |
||
| 245 |
_aThe Politics of Party Coalitions in Africa _cedited by Denis Kadima, foreword by H. E. Cassam Uteem |
||
| 260 |
_aAuckland Park _aHoughton _bEISA _bKonrad-Adenauer-Stiftung _c2006 |
||
| 300 |
_axvii. 278p. _bill. _c23cm |
||
| 700 | _aKadima, Denis | ||
| 942 |
_2lcc _cBK _n0 |
||
| 999 |
_c9430 _d9430 |
||